| Tag |
First Indicator |
Second Indicator |
Subfields |
| LEADER |
00000cam a2200000 4500 |
| 001 |
in00000094184 |
| 005 |
20150927110406.0 |
| 008 |
800405s1963 enka b f00010 eng d |
| 035 |
|
|
|a (OCoLC)06169961
|
| 035 |
|
|
|9 AAL6040AM
|
| 040 |
|
|
|a TXA
|c TXA
|d UtOrBLW
|
| 049 |
|
|
|a TXAM
|c [1024234]
|
| 090 |
|
|
|a TL526.G7
|b A4 no. 3323
|
| 100 |
1 |
|
|a Nash, John F.
|
| 245 |
1 |
2 |
|a A review of research on two-dimensional base flow /
|c by J. F. Nash.
|
| 264 |
|
1 |
|a London :
|b Her Majesty's Stationery Office,
|c 1963.
|
| 300 |
|
|
|a 25 pages :
|b illustrations
|
| 336 |
|
|
|a text
|b txt
|2 rdacontent
|
| 337 |
|
|
|a unmediated
|b n
|2 rdamedia
|
| 338 |
|
|
|a volume
|b nc
|2 rdacarrier
|
| 490 |
1 |
|
|a [Great Britain] Aeronautical Research Council. Reports and memoranda,
|v no. 3323
|
| 500 |
|
|
|a Cover title.
|
| 504 |
|
|
|a Bibliography: pages 15-19.
|
| 650 |
|
0 |
|a Air flow.
|
| 650 |
|
0 |
|a Ballistic missiles.
|
| 650 |
|
0 |
|a Aerofoils.
|
| 830 |
|
0 |
|a Reports and memoranda (Aeronautical Research Council (Great Britain)) ;
|v no. 3323.
|
| 999 |
|
|
|a MARS
|
| 999 |
f |
f |
|s 9bb2fe39-7ec1-36cd-b56b-c474b3808c96
|i 66b3cea3-e132-3e49-a2ec-5527994577df
|t 0
|
| 952 |
f |
f |
|p ric
|a Texas A&M University
|b Rellis Campus
|c Joint Library Facility
|d Remote Storage
|t 0
|e TL526.G7 A4 no. 3323
|h Library of Congress classification
|i unmediated -- volume
|m A14805535926
|
| 998 |
f |
f |
|a TL526.G7 A4 no. 3323
|t 0
|l Remote Storage
|